| 000 | 00000nam##2200000za#4500 |
| 001 | 9.574237 |
| 003 | CaOODSP |
| 005 | 20210624184103 |
| 007 | cr ||||||||||| |
| 008 | 150406|2007||||xxc|||||o f|0| 0 eng|d |
| 022 | |a1488-5379 |
| 040 | |aCaOODSP|beng |
| 043 | |an-cn--- |
| 086 | 1 |aFs97-6/2701E-PDF |
| 110 | 1 |aCanada. |bDepartment of Fisheries and Oceans. |
| 245 | 14|aThe Canadian albacore tuna catch and effort relational database / |h[electronic resource]|cby M. Stocker ... [et al.]. |
| 260 | |aNanaimo - British Columbia : |bFisheries and Oceans Canada |c2007. |
| 300 | |a84p.|bfigs. (some coloured), graphs, maps (some coloured), references, tables |
| 490 | 1 |aCanadian technical report of fisheries and aquatic sciences|x1488-5379|v2701 |
| 500 | |aThe catalogue number (Fs97-6/2701E) and ISSN (0706-6457) for the print edition have been incorrectly copied in this electronic publication. |
| 546 | |a(Résumé en français) |
| 590 | |a12-27-Supp|b2012-06-12 |
| 720 | 1 |aStocker, M. |
| 776 | 0#|tThe Canadian albacore tuna catch and effort relational database / |w(CaOODSP)9.618356 |
| 830 | #0|aCanadian technical report of fisheries and aquatic sciences,|x1488-5379|v2701|w(CaOODSP)9.504449 |
| 856 | 40|ahttp://publications.gc.ca|qPDF|s1.32 MB|uhttps://publications.gc.ca/collections/collection_2012/mpo-dfo/Fs97-6-2701-eng.pdf|y2701 |